Deviner les personnages de harry Potter - Statistiques

Statistiques générales
  • Ce quiz a été pris 89 fois
  • Le résultat moyen est 12 sur 16
Statistiques - réponses
Par images Réponse % Correct
Harry Potter
100%
Hermione Granger
95%
Ron Weasley
91%
Voldemort
86%
Dobby
84%
Ginny Weasley
84%
Hedwig
76%
Luna lovegood
76%
Albus Dumbledore
75%
Neville londubat
75%
Drago Malefoy
71%
Bellatrix lestrange
70%
Minerva McGonagall
65%
Remus lupin
64%
Cho Chang
63%
Rogue
54%
Aucun quiz correspondant
Distribution des résultats
% des personnes avec chaque résultat
Percentile par nombre de réponses
Votre historique - résultats
Vous n’avez pas pris ce quiz